Ki finanszírozza a romániai közoktatást?

Elmentve itt :
Bibliográfiai részletek
Szerző: Szolár Éva
Dokumentumtípus: Cikk
Megjelent: 2007
Sorozat:Magyar pedagógia : a Magyar Tudományos Akadémia Pedagógiai Bizottságának folyóirata 107 No. 3
Kulcsszavak:Közoktatás Románia 2000-es évek
Online Access:http://misc.bibl.u-szeged.hu/14125
LEADER 00681nab a2200181 i 4500
001 misc14125
005 20191106140659.0
008 170607s2007 hu o 0|| hun d
022 |a 0025-0260 
040 |a SZTE Miscellanea Repozitórium  |b hun 
041 |a hun 
100 1 |a Szolár Éva 
245 1 0 |a Ki finanszírozza a romániai közoktatást?  |h [elektronikus dokumentum] /  |c  Szolár Éva 
260 |c 2007 
300 |a 205-231 
490 0 |a Magyar pedagógia : a Magyar Tudományos Akadémia Pedagógiai Bizottságának folyóirata  |v 107 No. 3 
695 |a Közoktatás Románia 2000-es évek 
856 4 0 |u http://misc.bibl.u-szeged.hu/14125/1/mp_2007_003_6452_205-231.pdf  |z Dokumentum-elérés